[Event "Valencia Region-ch Segunda"]
[Site "Valencia"]
[Date "2015.11.07"]
[Round "5.10"]
[White "Rodriguez Soldevila, Alejandro"]
[Black "Sanz Montero, Julian"]
[Result "0-1"]
[WhiteElo "1261"]
[BlackElo "1488"]
[PlyCount "44"]
[EventDate "2015.10.03"]
[EventType "swiss"]
[EventRounds "7"]
[EventCountry "ESP"]
[SourceTitle "EXT 2024"]
[Source "ChessBase"]
[SourceDate "2023.10.10"]
[SourceVersion "1"]
[SourceVersionDate "2023.10.10"]
[SourceQuality "1"]

1. e4 e5 2. Nf3 d6 3. h3 Nf6 4. Nc3 Be7 5. Bc4 Be6 6. Bb3 Nbd7 7. 0-0 Nc5 8. d3 0-0 9. Bxe6 Nxe6 10. Be3 c5 11. Ne2 Nh5 12. g3 f5 13. Qd2 f4 14. gxf4 Nhxf4 15. Nxf4 Nxf4 16. Bxf4 Rxf4 17. Nh2 Bh4 18. Ng4 Qg5 19. Kh2 Raf8 20. Kh1 Qh5 21. Rae1 Bg5 22. Kg2 Rxg4+ 0-1